00579nam a22002177a 4500003000500000005001700005008004100022010001000063011001000073020001800083035001100101040000900112082001300121100002500134245007300159260003400232300003400266650002900300650001500329650001700344CHAP20220329143318.0080515d20068 us r 00110 eng d a94807 a95779 a9780521856379 a106410 cCHAP00a532aM281 aMcWilliams, James C.10aFundamentals of geophysical fluid dynamicsc/by James C . McWilliams aNew York. :bCambridge,c2006 axvii 249 p. :bilus. ; grafs.14aDinámica de fluídos.14aFluídos.14aGeofísica.